[Event "DEM U16w 2024"]
[Site "Willingen GER"]
[Date "2024.05.25"]
[Round "9"]
[White "Breja, Eva"]
[Black "Margaryan, Venera"]
[Result "0-1"]
[Termination "normal"]
[Board "13"]
[WhiteElo "1390"]
[BlackElo "1774"]
[WhiteClock "01:03:03"]
[BlackClock "00:38:45"]
[PlyCount "64"]
[WhiteFideId "34639632"]
[BlackFideId "16266226"]
[EventCountry "GER"]
[EventRounds "9"]
[EventType "swiss"]
[EventDate "2024.05.18"]

1. e4 {[%clk 01:30:57]} {[%emt 00:00:02]} e6 {[%clk 01:30:57]} {[%emt
00:00:04]} 2. d4 {[%clk 01:31:13]} {[%emt 00:00:14]} d5 {[%clk 01:31:22]}
{[%emt 00:00:05]} 3. Nd2 {[%clk 01:31:29]} {[%emt 00:00:14]} dxe4 {[%clk
01:31:42]} {[%emt 00:00:11]} 4. Nxe4 {[%clk 01:31:41]} {[%emt 00:00:17]} Nd7
{[%clk 01:32:07]} {[%emt 00:00:06]} 5. Nf3 {[%clk 01:30:44]} {[%emt 00:01:27]}
Ngf6 {[%clk 01:32:31]} {[%emt 00:00:06]} 6. Bg5 {[%clk 01:29:50]} {[%emt
00:01:24]} Be7 {[%clk 01:32:44]} {[%emt 00:00:18]} 7. Nxf6+ {[%clk 01:23:49]}
{[%emt 00:06:31]} Nxf6 {[%clk 01:33:01]} {[%emt 00:00:12]} 8. Bd3 {[%clk
01:24:07]} {[%emt 00:00:12]} O-O {[%clk 01:32:06]} {[%emt 00:01:25]} 9. Qe2
{[%clk 01:22:44]} {[%emt 00:01:53]} c5 {[%clk 01:31:20]} {[%emt 00:01:17]} 10.
O-O {[%clk 01:20:27]} {[%emt 00:02:47]} cxd4 {[%clk 01:30:03]} {[%emt
00:01:47]} 11. Bxf6 {[%clk 01:20:28]} {[%emt 00:00:28]} Bxf6 {[%clk 01:27:35]}
{[%emt 00:02:58]} 12. Rad1 {[%clk 01:19:48]} {[%emt 00:01:10]} Qb6 {[%clk
01:12:13]} {[%emt 00:15:53]} 13. Qe4 {[%clk 01:18:13]} {[%emt 00:02:04]} g6
{[%clk 01:10:59]} {[%emt 00:01:45]} 14. b3 {[%clk 01:17:15]} {[%emt 00:01:28]}
Re8 {[%clk 01:00:53]} {[%emt 00:10:35]} 15. Rfe1 {[%clk 01:16:23]} {[%emt
00:01:21]} e5 {[%clk 00:55:13]} {[%emt 00:06:11]} 16. Bc4 {[%clk 01:10:09]}
{[%emt 00:06:45]} Bf5 {[%clk 00:49:46]} {[%emt 00:05:56]} 17. Qd5 {[%clk
01:07:53]} {[%emt 00:02:46]} Qc7 {[%clk 00:48:53]} {[%emt 00:01:24]} 18. Rd2
{[%clk 01:07:31]} {[%emt 00:00:52]} Rad8 {[%clk 00:48:17]} {[%emt 00:01:05]}
19. Qb5 {[%clk 01:04:53]} {[%emt 00:03:09]} a6 {[%clk 00:45:24]} {[%emt
00:03:23]} 20. Bxf7+ {[%clk 01:04:28]} {[%emt 00:00:55]} Kxf7 {[%clk 00:42:17]}
{[%emt 00:03:36]} 21. Qe2 {[%clk 01:04:39]} {[%emt 00:00:20]} e4 {[%clk
00:41:17]} {[%emt 00:01:31]} 22. Nxd4 {[%clk 01:03:21]} {[%emt 00:01:47]} Rxd4
{[%clk 00:41:15]} {[%emt 00:00:32]} 23. Rxd4 {[%clk 01:03:34]} {[%emt
00:00:17]} Bxd4 {[%clk 00:41:13]} {[%emt 00:00:33]} 24. Rd1 {[%clk 01:03:40]}
{[%emt 00:00:23]} Qc5 {[%clk 00:40:11]} {[%emt 00:01:33]} 25. Qd2 {[%clk
01:02:47]} {[%emt 00:01:22]} Rd8 {[%clk 00:38:27]} {[%emt 00:02:15]} 26. c3
{[%clk 01:02:52]} {[%emt 00:00:26]} Bxf2+ {[%clk 00:38:41]} {[%emt 00:00:15]}
27. Kf1 {[%clk 01:01:38]} {[%emt 00:01:44]} Rxd2 {[%clk 00:38:47]} {[%emt
00:00:24]} 28. Rxd2 {[%clk 01:02:01]} {[%emt 00:00:08]} e3 {[%clk 00:38:14]}
{[%emt 00:01:02]} 29. Rxf2 {[%clk 01:02:15]} {[%emt 00:00:16]} exf2 {[%clk
00:38:33]} {[%emt 00:00:11]} 30. g3 {[%clk 01:02:36]} {[%emt 00:00:09]} Be4
{[%clk 00:38:25]} {[%emt 00:00:38]} 31. h4 {[%clk 01:02:46]} {[%emt 00:00:21]}
Qe3 {[%clk 00:38:45]} {[%emt 00:00:09]} 32. h5 {[%clk 01:03:03]} {[%emt
00:00:15]} Qe1# {[%emt 00:00:04]} 0-1

[Event "DEM U16w 2024"]
[Site "Willingen GER"]
[Date "2024.05.25"]
[Round "9"]
[White "Lorenz, Rebecca"]
[Black "Englert, Lin"]
[Result "0-1"]
[Termination "normal"]
[Board "14"]
[WhiteElo "1460"]
[BlackElo "1725"]
[WhiteClock "00:07:26"]
[BlackClock "01:12:57"]
[PlyCount "98"]
[WhiteFideId "34610944"]
[BlackFideId "16226410"]
[EventCountry "GER"]
[EventRounds "9"]
[EventType "swiss"]
[EventDate "2024.05.18"]

1. e4 {[%clk 01:30:58]} {[%emt 00:00:02]} c5 {[%clk 01:30:55]} {[%emt
00:00:05]} 2. Nf3 {[%clk 01:31:08]} {[%emt 00:00:19]} Nc6 {[%clk 01:31:10]}
{[%emt 00:00:15]} 3. d4 {[%clk 01:30:31]} {[%emt 00:01:07]} cxd4 {[%clk
01:31:24]} {[%emt 00:00:17]} 4. Nxd4 {[%clk 01:30:25]} {[%emt 00:00:37]} Nf6
{[%clk 01:31:11]} {[%emt 00:00:43]} 5. Nc3 {[%clk 01:28:44]} {[%emt 00:02:11]}
g6 {[%clk 01:31:33]} {[%emt 00:00:08]} 6. f3 {[%clk 01:25:27]} {[%emt
00:03:46]} Bg7 {[%clk 01:31:00]} {[%emt 00:01:04]} 7. Be3 {[%clk 01:23:00]}
{[%emt 00:02:56]} O-O {[%clk 01:28:48]} {[%emt 00:02:42]} 8. Bd3 {[%clk
01:18:27]} {[%emt 00:05:03]} Qb6 {[%clk 01:21:47]} {[%emt 00:07:32]} 9. Be2
{[%clk 01:05:39]} {[%emt 00:13:17]} Qxb2 {[%clk 01:09:21]} {[%emt 00:12:56]}
10. Nd5 {[%clk 00:51:37]} {[%emt 00:14:32]} Nxd5 {[%clk 01:08:52]} {[%emt
00:01:00]} 11. exd5 {[%clk 00:49:03]} {[%emt 00:03:04]} Nxd4 {[%clk 01:08:38]}
{[%emt 00:00:44]} 12. O-O {[%clk 00:46:20]} {[%emt 00:03:12]} Nxc2 {[%clk
01:05:39]} {[%emt 00:03:29]} 13. Rb1 {[%clk 00:39:37]} {[%emt 00:07:13]} Nxe3
{[%clk 01:05:55]} {[%emt 00:00:14]} 14. Rxb2 {[%clk 00:39:11]} {[%emt
00:00:55]} Nxd1 {[%clk 01:06:20]} {[%emt 00:00:06]} 15. Rd2 {[%clk 00:36:35]}
{[%emt 00:03:06]} Ne3 {[%clk 01:05:31]} {[%emt 00:01:19]} 16. Rc1 {[%clk
00:35:13]} {[%emt 00:01:52]} Bh6 {[%clk 01:03:54]} {[%emt 00:02:08]} 17. Rd3
{[%clk 00:34:09]} {[%emt 00:01:34]} Nxd5 {[%clk 01:03:54]} {[%emt 00:00:30]}
18. Rc4 {[%clk 00:32:03]} {[%emt 00:02:34]} Nf4 {[%clk 01:04:01]} {[%emt
00:00:24]} 19. Rd1 {[%clk 00:29:44]} {[%emt 00:02:48]} Nxe2+ {[%clk 01:03:47]}
{[%emt 00:00:44]} 20. Kf2 {[%clk 00:22:30]} {[%emt 00:07:43]} b6 {[%clk
01:03:28]} {[%emt 00:00:50]} 21. Rc2 {[%clk 00:21:03]} {[%emt 00:01:57]} Nf4
{[%clk 01:03:40]} {[%emt 00:00:18]} 22. g3 {[%clk 00:19:28]} {[%emt 00:02:05]}
Ne6 {[%clk 01:04:01]} {[%emt 00:00:10]} 23. h4 {[%clk 00:17:20]} {[%emt
00:02:38]} d6 {[%clk 01:04:02]} {[%emt 00:00:30]} 24. g4 {[%clk 00:15:23]}
{[%emt 00:02:26]} Bb7 {[%clk 01:04:20]} {[%emt 00:00:13]} 25. h5 {[%clk
00:13:17]} {[%emt 00:02:36]} Rac8 {[%clk 01:04:41]} {[%emt 00:00:09]} 26. Rb2
{[%clk 00:12:51]} {[%emt 00:00:55]} Rc3 {[%clk 01:05:01]} {[%emt 00:00:11]} 27.
Ke2 {[%clk 00:11:25]} {[%emt 00:01:56]} Bxf3+ {[%clk 01:05:17]} {[%emt
00:00:14]} 28. Ke1 {[%clk 00:10:47]} {[%emt 00:01:07]} Bxd1 {[%clk 01:05:41]}
{[%emt 00:00:07]} 29. Kxd1 {[%clk 00:11:01]} {[%emt 00:00:15]} Rfc8 {[%clk
01:06:06]} {[%emt 00:00:07]} 30. Rb1 {[%clk 00:10:24]} {[%emt 00:01:07]} Rc1+
{[%clk 01:06:29]} {[%emt 00:00:07]} 31. Rxc1 {[%clk 00:10:39]} {[%emt
00:00:14]} Rxc1+ {[%clk 01:06:55]} {[%emt 00:00:05]} 32. Ke2 {[%clk 00:10:57]}
{[%emt 00:00:11]} Rc2+ {[%clk 01:07:16]} {[%emt 00:00:09]} 33. Kd3 {[%clk
00:10:27]} {[%emt 00:01:01]} Rxa2 {[%clk 01:07:39]} {[%emt 00:00:07]} 34. Ke4
{[%clk 00:09:37]} {[%emt 00:01:20]} a5 {[%clk 01:07:59]} {[%emt 00:00:11]} 35.
Kd3 {[%clk 00:09:23]} a4 {[%clk 01:08:23]} {[%emt 00:00:50]} 36. Kc3 {[%clk
00:09:30]} {[%emt 00:00:23]} a3 {[%clk 01:08:46]} {[%emt 00:00:08]} 37. Kb3
{[%clk 00:09:28]} {[%emt 00:00:31]} Ra1 {[%clk 01:09:10]} {[%emt 00:00:06]} 38.
Kc2 {[%clk 00:09:32]} {[%emt 00:00:25]} a2 {[%clk 01:09:36]} {[%emt 00:00:05]}
39. Kb2 {[%clk 00:09:38]} {[%emt 00:00:23]} Bg7+ {[%clk 01:10:00]} {[%emt
00:00:05]} 40. Ka3 {[%clk 00:09:48]} {[%emt 00:00:18]} gxh5 {[%clk 01:09:52]}
{[%emt 00:00:42]} 41. gxh5 {[%clk 00:09:51]} {[%emt 00:00:26]} f5 {[%clk
01:10:15]} {[%emt 00:00:07]} 42. Kb3 {[%clk 00:09:54]} {[%emt 00:00:26]} f4
{[%clk 01:10:40]} {[%emt 00:00:07]} 43. Ka3 {[%clk 00:09:57]} {[%emt 00:00:26]}
f3 {[%clk 01:11:03]} {[%emt 00:00:07]} 44. Kb3 {[%clk 00:10:24]} {[%emt
00:00:04]} f2 {[%clk 01:11:29]} {[%emt 00:00:04]} 45. Kc2 {[%clk 00:10:27]}
{[%emt 00:00:27]} f1=Q {[%clk 01:11:53]} {[%emt 00:00:06]} 46. Kb3 {[%clk
00:10:51]} {[%emt 00:00:07]} Rb1+ {[%clk 01:11:45]} {[%emt 00:00:38]} 47. Kc2
{[%clk 00:07:06]} {[%emt 00:04:15]} Qf3 {[%clk 01:12:07]} {[%emt 00:00:07]} 48.
Kd2 {[%clk 00:07:05]} {[%emt 00:00:30]} Rb2+ {[%clk 01:12:32]} {[%emt
00:00:05]} 49. Kc1 {[%clk 00:07:26]} {[%emt 00:00:09]} Qf1# {[%clk 01:12:57]}
{[%emt 00:00:06]} 0-1